Score 0/48 Timer 04:00
11 Plays Today
% Correct
Green Lantern
95.9%
Flash
95.5%
Batman
94.5%
Captain America
93.6%
Thor
92.8%
The Incredible Hulk
92.1%
Iron Man
89.4%
Harley Quinn
88.6%
Catwoman
88.6%
Rocket Raccoon
88.1%
Joker
88%
Groot
87.3%
Mantis
87.1%
Black Widow
87.1%
Christian Bale
81.6%
George Clooney
76.6%
Sai
76.1%
Nunchakus
75.8%
Gamora
71.9%
Aquaman
71.5%
Iron Fist
70.8%
Luke Cage
69.6%
Iceman
69.5%
Val Kilmer
69.4%
% Correct
Cyclops
68.7%
Jessica Jones
67.4%
Katana
66.3%
Mysterio
65.3%
Michael Keaton
64.7%
Sue (Storm)
64.1%
Kraven the Hunter
63.6%
Electro
63%
Drax the Destroyer
63%
Reed (Richards)
61%
Daredevil
60.7%
Johnny (Storm)
59.5%
Doctor Octopus
58%
Scarlet Witch
56.8%
Lex Luthor
56.5%
Beast
51%
Ben (Grimm)
48.5%
John Stewart
44.6%
Bō Staff
44.4%
Guy Gardner
44%
Hal Jordan
43.8%
Wasp
39.1%
Angel
32.6%
Alan Scott
18.5%
Remove Ads.
Support Sporcle.
Get the best of Sporcle when you Go Orange. This ad-free experience offers more features, more stats, and more fun while also helping to support Sporcle. Thank you for becoming a member.

You're not logged in!

Compare scores with friends on all Sporcle quizzes.
OR
Log In

Show Comments

Extras

Top Quizzes Today


Score Distribution

Your Account Isn't Verified!

In order to create a playlist on Sporcle, you need to verify the email address you used during registration. Go to your Sporcle Settings to finish the process.

Report this User

Report this user for behavior that violates our Community Guidelines.

Details: